| 000 | 00558nam a22001817a 4500 | ||
|---|---|---|---|
| 005 | 20170926113904.0 | ||
| 010 | _aENG-120642 | ||
| 020 |
_a9788179664360 _c110.00 |
||
| 035 | _aEN-104174 | ||
| 037 | _bDBAD/PUB | ||
| 082 | _a667.9 | ||
| 100 | _aSridharan, K. S. | ||
| 245 |
_aIndustrial Painting : _benglish and tamil / _cby K.S. Sridharan |
||
| 260 |
_aChennai _bEmerald Publihers _c2017 |
||
| 270 |
_a15A, First Floor, Casa Major Road, Egmore, _bChennai _e600008 |
||
| 300 |
_a80p. : _b24cm(pbk). _cill. |
||
| 942 |
_2ddc _cEN _h667.9 _mSRI |
||
| 999 |
_c145494 _d145494 |
||